000 00526cam a22001937a 4500
001 002344
003 armpunfd
005 20140612090705.0
008 100617e0####xx#a##########000#0#und#d
040 _aarmpunfd
_carmpunfd
080 _a347.2 (02) B 818
100 1 0 _a Borda, Guillermo
245 1 0 _aTratado de derecho civil derechos reales
260 _a Uenos Aires : Perrot
_b1978. 2ยช Ed.
650 7 _a Derechos Reales
_2LEMB
942 _cLB
_2cdu
945 _aCatalis
_d2010-08-19
945 _aCatalis
_d2010-08-19
999 _c2334
_d232838